| 000 | 00616nam a22001817a 4500 | ||
|---|---|---|---|
| 005 | 20251108175740.0 | ||
| 008 | 250721s2014 xx 000 0 ara d | ||
| 082 | 1 | 4 | _a923.156/مشا |
| 100 | 1 | _aمشالي، الشيخ محمد ابراهيم | |
| 245 | 1 | 0 | _aأضواء على حياة عمر بن عبد العزيز / |
| 264 | 1 |
_aالقاهرة : _bدار الصابوني، _c2014. |
|
| 300 | _a352ص. | ||
| 490 | 0 |
_aسلسة اضواء على الحياة _vالخامس |
|
| 650 | 1 | 7 | _aالتراجم |
| 650 | 1 | 7 | _aخلافة عمر بن عبدالعزيز 717-720 |
| 942 |
_2ddc _cBK |
||
| 999 |
_c141476 _d141476 |
||